000 00804nam a2200253 4500
001 26449578
003 OCoLC
005 20240318210300.0
008 920819s1991 ve a j 000 1 spa d
020 _a9802570877
020 _a9789802570874
040 _aZQP
_cZQP
_dJRI
_dWaOLN
041 1 _aspa
_heng
100 1 _aStinson, Kathy.
240 1 0 _aRed is best.
_lSpanish.
245 1 3 _aEl rojo es el mejor /
_ctexto, Kathy Stinson ; ilustraciones, Robin Baird Lewis ; [traduccion, Clarisa de la Rosa y Kiki].
260 _aCaracas :
_bEkare-Banco del Libro,
_cc1985.
300 _a[26] p. :
_bcol. ill. ;
_c21 cm.
500 _aTranslation of: Red is best.
650 0 _aColor
_vJuvenile fiction.
650 0 _aClothing and dress
_vJuvenile fiction.
700 1 _aLewis, Robin Baird.
942 _cBK
999 _c27428
_d27428